=LDR 00000nam 2200000 4500 =001 INLIS000000000022599 =005 20130612121336 =008 ***********************************Ind** =035 ##$$0010-061300000022599 =041 ##$$a Ind =082 ##$$a 810.9 =090 ##$$a 810.9, Kra-s =100 ##$$a Kratz, E. Ulrich =245 ##$$a Sejarah Sastra Indonesia Abad XX, E. Ulrich Kratz =260 ##$$a 1999 $b Jakarta =300 ##$$a xxxix, 979 hlm., 21 cm =650 ##$$a Sastra Indonesia =850 ##$$a NBPNMAT =990 ##$$a 0001/BPAP-NTB/20142015 =990 ##$$a 0001/BPAP-NTB/2016 =990 ##$$a 0001/BPAP-NTB/2016